|
|
|
|
| LEADER |
01445cas a2200217 a 4500 |
| 001 |
AALejournalIMF010255 |
| 008 |
230101c9999 xx r poo 0 0eng d |
| 020 |
|
|
|c 5.00 USD
|
| 020 |
|
|
|z 9781451968569
|
| 040 |
|
|
|a BD-DhAAL
|c BD-DhAAL
|
| 110 |
2 |
|
|a International Monetary Fund.
|b External Relations Dept.
|
| 240 |
1 |
0 |
|a Rodrigo Rato es seleccionado como nuevo Director Gerente del FMI.
|l Spanish
|
| 245 |
1 |
0 |
|a Rodrigo Rato es seleccionado como nuevo Director Gerente del FMI.
|
| 264 |
|
1 |
|a Washington, D.C. :
|b International Monetary Fund,
|c 2004.
|
| 300 |
|
|
|a 1 online resource (16 pages)
|
| 500 |
|
|
|a <strong>Off-Campus Access:</strong> No User ID or Password Required
|
| 500 |
|
|
|a <strong>On-Campus Access:</strong> No User ID or Password Required
|
| 506 |
|
|
|a Electronic access restricted to authorized BRAC University faculty, staff and students
|
| 520 |
3 |
|
|a La edicion en Internet del Boletin del FMI, que se actualiza varias veces a la semana, contiene numerosos articulos sobre temas de actualidad en el ambito de las politicas y la economia. Consulte las ultimas investigaciones del FMI, lea entrevistas y escuche podcasts de los principales economistas del FMI sobre importantes temas relacionados con la economia mundial. www.imf.org/external/pubs/ft/survey/so/home.aspx.
|
| 538 |
|
|
|a Mode of access: Internet
|
| 856 |
4 |
0 |
|z Full text available on IMF
|u http://elibrary.imf.org/view/journals/023/0033/009/023.0033.issue-009-es.xml
|z IMF e-Library
|